000 005540000a22001930004500
001 17828
010 _a972-21-0506-X
090 _a17828
100 _a20041013d1990 k y0pory5003 ba
101 0 _apor
102 _aPT
200 1 _aUma vida em beleza
_fHenrique Nicolau
210 _aLisboa
_cCaminho
_d1990
215 _a193, [6] p
225 2 _aCaminho de bolso
_iPolicial
_v112
675 _a821.134.3-312.4
_vBN
_zpor
700 1 _aNicolau
_bHenrique
942 _cMON
_n0
999 _a17828
_bBibliobase - BMTAV
_c2019-01-21